| 000 | 00529nam a22002057a 4500 | ||
|---|---|---|---|
| 003 | OSt | ||
| 005 | 20140310182752.0 | ||
| 008 | 130202t xxu||||| |||| 00| 0 eng d | ||
| 020 | _a9748279642 | ||
| 050 |
_aZ 711 _b.G676 1999 |
||
| 082 |
_aM 020.7 _bG69 1999 |
||
| 245 |
_aLearn reference work _cGosling, Mary |
||
| 260 |
_aCanberra _bBook Promotion & Service Co., Ltd. _c1999 |
||
| 300 |
_a152 p. _c31 cm. |
||
| 521 | _aCollege students | ||
| 526 | _c1210L-1700L | ||
| 541 | _j1 | ||
| 562 | _e1 | ||
| 942 |
_2lcc _cBK _kM |
||
| 999 |
_c15770 _d15770 |
||